Logo Biblioteca

Matemática en red 8 : (Registro nro. 677)

Detalles MARC
000 -LEADER
fixed length control field 01217aam a2200289 a 4500
001 - CONTROL NUMBER
control field 000190323
003 - CONTROL NUMBER IDENTIFIER
control field AR-RoUNCS
005 - DATE AND TIME OF LATEST TRANSACTION
control field 20251103123832.0
007 - PHYSICAL DESCRIPTION FIXED FIELD--GENERAL INFORMATION
fixed length control field ta
008 - FIXED-LENGTH DATA ELEMENTS--GENERAL INFORMATION
fixed length control field 100504s2004 ag ado dr 001 0 spa
020 ## - INTERNATIONAL STANDARD BOOK NUMBER
International Standard Book Number 950-534-645-X
040 ## - CATALOGING SOURCE
Original cataloging agency AR-BaBN
Language of cataloging spa
Transcribing agency AR-RoUNCS
Description conventions aacr
080 0# - UNIVERSAL DECIMAL CLASSIFICATION NUMBER
Universal Decimal Classification number 510(07)
100 1# - MAIN ENTRY--PERSONAL NAME
Personal name López, Alicia.
Relator term autora
245 10 - TITLE STATEMENT
Title Matemática en red 8 :
Remainder of title EGB 3 /
Statement of responsibility, etc. Alicia López, Claudia Marcela Pellet ; coordinación, Norma Camus.
250 ## - EDITION STATEMENT
Edition statement 2a ed.
260 ## - PUBLICATION, DISTRIBUTION, ETC.
Place of publication, distribution, etc. Buenos Aires :
Name of publisher, distributor, etc. AZ Editora,
Date of publication, distribution, etc. 2004.
300 ## - PHYSICAL DESCRIPTION
Extent 271p. :
Other physical details il., diagrs., fot. ;
Dimensions 28 cm.
490 0# - SERIES STATEMENT
Series statement Serie Tramas
505 2# - FORMATTED CONTENTS NOTE
Formatted contents note Capítulo 1: Para empezar -- Capítulo 2: Números enteros -- Capítulo 3: Números racionales -- Capítulo 4: Expresiones algebraicas -- Capítulo 5: Ángulos en paralelas -- Capítulo 6: triángulos y cuadriláteros -- Capítulo 7: Funciones -- Capítulo 8: Proporcionalidad -- Capítulo 9: Estadística -- Capítulo 10: Probabilidad.
521 2# - TARGET AUDIENCE NOTE
Target audience note Destinado a estudiantes de nivel secundario.
650 #4 - SUBJECT ADDED ENTRY--TOPICAL TERM
Topical term or geographic name entry element MATEMÁTICAS
General subdivision ENSEÑANZA SECUNDARIA
655 #4 - INDEX TERM--GENRE/FORM
Genre/form data or focus term MANUALES
700 1# - ADDED ENTRY--PERSONAL NAME
Personal name Pellet, Claudia Marcela.
Relator term autora
700 1# - ADDED ENTRY--PERSONAL NAME
Personal name Camus, Norma.
Relator term coordinadora
942 ## - ADDED ENTRY ELEMENTS (KOHA)
Source of classification or shelving scheme Universal Decimal Classification
Koha item type Obra General
Suppress in OPAC No
Existencias
Withdrawn status Lost status Source of classification or shelving scheme Damaged status Not for loan Collection Home library Current library Date acquired Total checkouts Full call number Barcode Date last seen Price effective from Koha item type
    Universal Decimal Classification     Colección General Biblioteca Escuela de Ciencias Sociales Biblioteca Escuela de Ciencias Sociales 03/11/2025   510(07) L864 000930 03/11/2025 03/11/2025 Obra General
Biblioteca de la Escuela Preuniversitaria en Ciencias Sociales y Humanísticas.
Riobamba 250 bis.
CP 2000 - Rosario - Santa Fe
E-Mail: biblioteca@esociales.unr.edu.ar